Countries With 1% or More of the World's Area - Statistics

General Stats
  • This quiz has been taken 430 times
  • The average score is 16 of 18
Answer Stats
Percent of Earth's Area Country % Correct
11.52% Russia
100%
6.73% Canada
99%
6.54% China
99%
6.31% United States of America
99%
5.74% Brazil
98%
5.18% Australia
97%
2.21% India
96%
1.32% Mexico
93%
1.87% Argentina
92%
1.58% Democratic Republic of the Congo
90%
1.28% Indonesia
90%
1.60% Algeria
89%
1.84% Kazakhstan
88%
1.05% Mongolia
86%
1.11% Iran
82%
1.45% Saudi Arabia
80%
1.19% Libya
77%
1.27% Sudan
77%
No matching quizzes found
Score Distribution
Percent of People with Each Score
Percentile by Number Answered
Your Score History
You have not taken this quiz